Statistics for All Joe Gibbs racing drivers

Click here to take the quiz!

General Stats

  • This quiz has been taken 6 times
  • The average score is 78 of 85

Answer Stats

HintAnswer% Correct
202120Christopher bell
100%
202320Christopher bell
100%
202220Christopher bell
100%
199218Dale jarrett
100%
199318Dale jarrett
100%
199418Dale jarrett
100%
201611Denny hamlin
100%
201511Denny hamlin
100%
201411Denny hamlin
100%
201311Denny hamlin
100%
201111Denny hamlin
100%
200911Denny hamlin
100%
201011Denny hamlin
100%
201811Denny hamlin
100%
200811Denny hamlin
100%
200711Denny hamlin
100%
200611Denny hamlin
100%
201711Denny hamlin
100%
202311Denny hamlin
100%
201211Denny hamlin
100%
202211Denny hamlin
100%
202111Denny hamlin
100%
201911Denny hamlin
100%
202011Denny hamlin
100%
201418Kyle busch
100%
202218Kyle busch
100%
200818Kyle busch
100%
202118Kyle busch
100%
201018Kyle busch
100%
201118Kyle busch
100%
201218Kyle busch
100%
201318Kyle busch
100%
202018Kyle busch
100%
200918Kyle busch
100%
201518Kyle busch
100%
201818Kyle busch
100%
201618Kyle busch
100%
201918Kyle busch
100%
202019Martin truex jr.
100%
202319Martin truex jr.
100%
202219Martin truex jr
100%
202119Martin truex jr.
100%
201919Martin truex jr.
100%
200720Tony stewart
100%
200120Tony stewart
100%
200620Tony stewart
100%
200420Tony stewart
100%
200320Tony stewart
100%
200820Tony stewart
100%
200220Tony stewart
100%
200020Tony stewart
100%
200520Tony stewart
100%
199920Tony stewart
100%
202354ty gibbs
100%
200018Bobby labonte
83%
200118Bobby labonte
83%
199918Bobby labonte
83%
199818bobby labonte
83%
199718Bobby labonte
83%
200218Bobby labonte
83%
199618bobby labonte
83%
200318bobby labonte
83%
199518Bobby labonte
83%
200418bobby labonte
83%
200518bobby labonte
83%
201519Carl edwards
83%
201619Carl edwards
83%
201719Daniel saurez
83%
201819Daniel saurez
83%
200920joey logano
83%
201020joey logano
83%
201120joey logano
83%
201220joey logano
83%
201520Matt kenseth
83%
201420Matt kenseth
83%
201620Matt kenseth
83%
201320Matt kenseth
83%
201720Matt kenseth
83%
202020Erik jones
67%
201920Erik jones
67%
201820Erik jones
67%
200511Jason leffler
50%
200618J. J. Yeley
50%
200718J. J. yeley
50%
201718Kyle larson
17%

Score Distribution

Percentile by Number Answered

Percent of People with Each Score

Your Score History

You have not taken this quiz